000
00173 a2200097 4500
041
_a
spa
100
_a
Peters, Sharon
245
_a
Contento Juan
942
_c
BK
952
_7
4
999
_c
17941
_d
17941